Preddavky na daň z príjmov fyzických osôb

Povinnosť daňovníkov platiť preddavky na daň za bežné zdaňovacie obdobie. Mesačné preddavky. Štvrťročné preddavky. Posledná známa daňová povinnosť. Prepočet poslednej známej daňovej povinnosti. Penále. Preddavky pri súbehu príjmov z podnikania a zo závislej činnosti. Postup pri uplatnení úľavy na da...

Full description

Saved in:
Bibliographic Details
Main Author: Faiglová, Svetlana
Format: Book Chapter
Language:Slovak
Subjects:
Tags: Add Tag
No Tags, Be the first to tag this record!

MARC

LEADER 00000naa a2200000 4500
001 r035301
005 20230926081328.2
041 0 |a slo 
044 |a SK 
245 1 0 |a Preddavky na daň z príjmov fyzických osôb  |c Svetlana Faiglová 
520 |a Povinnosť daňovníkov platiť preddavky na daň za bežné zdaňovacie obdobie. Mesačné preddavky. Štvrťročné preddavky. Posledná známa daňová povinnosť. Prepočet poslednej známej daňovej povinnosti. Penále. Preddavky pri súbehu príjmov z podnikania a zo závislej činnosti. Postup pri uplatnení úľavy na dani. Preplatok na preddavok na daň za rok. Príklady. 
610 2 0 |a preddavky 
610 2 0 |a dane z príjmov 
610 2 0 |a daňovníci 
610 2 0 |a osoby fyzické 
610 2 0 |a povinnosť daňová 
610 2 0 |a úľavy daňové 
100 1 |a Faiglová, Svetlana